<?xml version="1.0" encoding="UTF-8"?>
<record
    xmlns:xsi="http://www.w3.org/2001/XMLSchema-instance"
    xsi:schemaLocation="http://www.loc.gov/MARC21/slim http://www.loc.gov/standards/marcxml/schema/MARC21slim.xsd"
    xmlns="http://www.loc.gov/MARC21/slim">

  <leader>00984nam a22002897a 4500</leader>
  <controlfield tag="003">OSt</controlfield>
  <controlfield tag="005">20240722160000.0</controlfield>
  <controlfield tag="008">240720b           ||||| |||| 00| 0 eng d</controlfield>
  <datafield tag="022" ind1=" " ind2=" ">
    <subfield code="a">0972740X</subfield>
  </datafield>
  <datafield tag="040" ind1=" " ind2=" ">
    <subfield code="c">AIMIT LIBRARY</subfield>
  </datafield>
  <datafield tag="082" ind1=" " ind2=" ">
    <subfield code="a">658</subfield>
    <subfield code="b">MANA</subfield>
  </datafield>
  <datafield tag="110" ind1=" " ind2=" ">
    <subfield code="a">Gitam Institute of Management</subfield>
    <subfield code="9">173813</subfield>
  </datafield>
  <datafield tag="245" ind1=" " ind2=" ">
    <subfield code="a">Gitam Journal of Management /</subfield>
    <subfield code="c">By Gitam Institute of management</subfield>
  </datafield>
  <datafield tag="260" ind1=" " ind2=" ">
    <subfield code="a">Visakhapatnam :</subfield>
    <subfield code="b">Gitam University ,</subfield>
    <subfield code="c">2015.</subfield>
  </datafield>
  <datafield tag="300" ind1=" " ind2=" ">
    <subfield code="b">HB</subfield>
    <subfield code="c">24 cm.</subfield>
  </datafield>
  <datafield tag="440" ind1=" " ind2=" ">
    <subfield code="a">Gitam journal of management</subfield>
    <subfield code="v">Vol.13 No.3&amp;4/2015</subfield>
    <subfield code="9">173814</subfield>
  </datafield>
  <datafield tag="440" ind1=" " ind2=" ">
    <subfield code="v">Vol.11 No.1&amp;2,4/2013</subfield>
  </datafield>
  <datafield tag="440" ind1=" " ind2=" ">
    <subfield code="v">Vol.15 No.2-4/2017</subfield>
  </datafield>
  <datafield tag="440" ind1=" " ind2=" ">
    <subfield code="v">Vol.17 No.1-4/2019</subfield>
  </datafield>
  <datafield tag="440" ind1=" " ind2=" ">
    <subfield code="v">Vol.12 No.3&amp;4/2014</subfield>
  </datafield>
  <datafield tag="440" ind1=" " ind2=" ">
    <subfield code="v">Vol.13 No.1&amp;2/2015</subfield>
  </datafield>
  <datafield tag="440" ind1=" " ind2=" ">
    <subfield code="v">Vol.16 No.1-4/2018</subfield>
  </datafield>
  <datafield tag="440" ind1=" " ind2=" ">
    <subfield code="v">Vol.12 No.1&amp;2/2014</subfield>
  </datafield>
  <datafield tag="650" ind1=" " ind2=" ">
    <subfield code="a">Sustainable supply chain model for efficient and effective poultry production</subfield>
    <subfield code="9">173815</subfield>
  </datafield>
  <datafield tag="650" ind1=" " ind2=" ">
    <subfield code="a">Glass celling effect on women career development</subfield>
    <subfield code="9">173816</subfield>
  </datafield>
  <datafield tag="942" ind1=" " ind2=" ">
    <subfield code="2">ddc</subfield>
    <subfield code="c">BV</subfield>
    <subfield code="k">658 MANA</subfield>
  </datafield>
  <datafield tag="999" ind1=" " ind2=" ">
    <subfield code="c">231477</subfield>
    <subfield code="d">231477</subfield>
  </datafield>
  <datafield tag="952" ind1=" " ind2=" ">
    <subfield code="0">0</subfield>
    <subfield code="1">0</subfield>
    <subfield code="2">ddc</subfield>
    <subfield code="4">0</subfield>
    <subfield code="7">0</subfield>
    <subfield code="8">MBA</subfield>
    <subfield code="a">AIMIT</subfield>
    <subfield code="b">AIMIT</subfield>
    <subfield code="c">BV</subfield>
    <subfield code="d">2024-07-20</subfield>
    <subfield code="h">Vol.13 No.3&amp;4/2015</subfield>
    <subfield code="l">0</subfield>
    <subfield code="o">658 MANA</subfield>
    <subfield code="p">BVM708</subfield>
    <subfield code="r">2024-07-20 00:00:00</subfield>
    <subfield code="w">2024-07-20</subfield>
    <subfield code="y">BV</subfield>
  </datafield>
  <datafield tag="952" ind1=" " ind2=" ">
    <subfield code="0">0</subfield>
    <subfield code="1">0</subfield>
    <subfield code="2">ddc</subfield>
    <subfield code="4">0</subfield>
    <subfield code="7">0</subfield>
    <subfield code="8">MBA</subfield>
    <subfield code="a">AIMIT</subfield>
    <subfield code="b">AIMIT</subfield>
    <subfield code="c">BV</subfield>
    <subfield code="d">2024-07-20</subfield>
    <subfield code="h">Vol.15 No.2-4/2017</subfield>
    <subfield code="l">0</subfield>
    <subfield code="o">658 MANA</subfield>
    <subfield code="p">BVM927</subfield>
    <subfield code="r">2024-07-20 00:00:00</subfield>
    <subfield code="w">2024-07-20</subfield>
    <subfield code="y">BV</subfield>
  </datafield>
  <datafield tag="952" ind1=" " ind2=" ">
    <subfield code="0">0</subfield>
    <subfield code="1">0</subfield>
    <subfield code="2">ddc</subfield>
    <subfield code="4">0</subfield>
    <subfield code="7">0</subfield>
    <subfield code="8">MBA</subfield>
    <subfield code="a">AIMIT</subfield>
    <subfield code="b">AIMIT</subfield>
    <subfield code="c">BV</subfield>
    <subfield code="d">2024-07-20</subfield>
    <subfield code="h">Vol.11 No.1&amp;2,4/2013</subfield>
    <subfield code="l">0</subfield>
    <subfield code="o">658 MANA</subfield>
    <subfield code="p">BVM886</subfield>
    <subfield code="r">2024-07-20 00:00:00</subfield>
    <subfield code="w">2024-07-20</subfield>
    <subfield code="y">BV</subfield>
  </datafield>
  <datafield tag="952" ind1=" " ind2=" ">
    <subfield code="0">0</subfield>
    <subfield code="1">0</subfield>
    <subfield code="2">ddc</subfield>
    <subfield code="4">0</subfield>
    <subfield code="7">0</subfield>
    <subfield code="8">MBA</subfield>
    <subfield code="a">AIMIT</subfield>
    <subfield code="b">AIMIT</subfield>
    <subfield code="c">BV</subfield>
    <subfield code="d">2024-07-20</subfield>
    <subfield code="h">Vol.17 No.1-4/2019</subfield>
    <subfield code="l">0</subfield>
    <subfield code="o">658 MANA</subfield>
    <subfield code="p">BVM1061</subfield>
    <subfield code="r">2024-07-20 00:00:00</subfield>
    <subfield code="w">2024-07-20</subfield>
    <subfield code="y">BV</subfield>
  </datafield>
  <datafield tag="952" ind1=" " ind2=" ">
    <subfield code="0">0</subfield>
    <subfield code="1">0</subfield>
    <subfield code="2">ddc</subfield>
    <subfield code="4">0</subfield>
    <subfield code="7">0</subfield>
    <subfield code="8">MBA</subfield>
    <subfield code="a">AIMIT</subfield>
    <subfield code="b">AIMIT</subfield>
    <subfield code="c">BV</subfield>
    <subfield code="d">2024-07-20</subfield>
    <subfield code="h">Vol.12 No.1&amp;2/2014</subfield>
    <subfield code="l">0</subfield>
    <subfield code="o">658 MANA</subfield>
    <subfield code="p">BVM705</subfield>
    <subfield code="r">2024-07-22 00:00:00</subfield>
    <subfield code="w">2024-07-20</subfield>
    <subfield code="y">BV</subfield>
  </datafield>
  <datafield tag="952" ind1=" " ind2=" ">
    <subfield code="0">0</subfield>
    <subfield code="1">0</subfield>
    <subfield code="2">ddc</subfield>
    <subfield code="4">0</subfield>
    <subfield code="7">0</subfield>
    <subfield code="8">MBA</subfield>
    <subfield code="a">AIMIT</subfield>
    <subfield code="b">AIMIT</subfield>
    <subfield code="c">BV</subfield>
    <subfield code="d">2024-07-20</subfield>
    <subfield code="h">Vol.16 No.1-4/2018</subfield>
    <subfield code="l">0</subfield>
    <subfield code="o">658 MANA</subfield>
    <subfield code="p">BVM1075</subfield>
    <subfield code="r">2024-07-22 00:00:00</subfield>
    <subfield code="w">2024-07-20</subfield>
    <subfield code="y">BV</subfield>
  </datafield>
  <datafield tag="952" ind1=" " ind2=" ">
    <subfield code="0">0</subfield>
    <subfield code="1">0</subfield>
    <subfield code="2">ddc</subfield>
    <subfield code="4">0</subfield>
    <subfield code="7">0</subfield>
    <subfield code="8">MBA</subfield>
    <subfield code="a">AIMIT</subfield>
    <subfield code="b">AIMIT</subfield>
    <subfield code="c">BV</subfield>
    <subfield code="d">2024-07-20</subfield>
    <subfield code="h">Vol.13 No.1&amp;2/2015</subfield>
    <subfield code="l">0</subfield>
    <subfield code="o">658 MANA</subfield>
    <subfield code="p">BVM707</subfield>
    <subfield code="r">2024-07-22 00:00:00</subfield>
    <subfield code="w">2024-07-20</subfield>
    <subfield code="y">BV</subfield>
  </datafield>
  <datafield tag="952" ind1=" " ind2=" ">
    <subfield code="0">0</subfield>
    <subfield code="1">0</subfield>
    <subfield code="2">ddc</subfield>
    <subfield code="4">0</subfield>
    <subfield code="7">0</subfield>
    <subfield code="8">MBA</subfield>
    <subfield code="a">AIMIT</subfield>
    <subfield code="b">AIMIT</subfield>
    <subfield code="c">BV</subfield>
    <subfield code="d">2024-07-20</subfield>
    <subfield code="h">Vol.12 No.3&amp;4/2014</subfield>
    <subfield code="l">0</subfield>
    <subfield code="o">658 MANA</subfield>
    <subfield code="p">BVM706</subfield>
    <subfield code="r">2024-07-22 00:00:00</subfield>
    <subfield code="w">2024-07-20</subfield>
    <subfield code="y">BV</subfield>
  </datafield>
</record>
